Fidschi-Quiz - Statistiken

Allgemein
  • Dieses Quiz wurde 967 mal gespielt
  • Das Durchschnittsergebnis liegt bei 10 aus 20
Antwortstatistiken
Frage Antwort % Korrekt
Amtssprachen Englisch
94%
Land, das Fidschi 1874–1987 kolonisierte Vereinigtes Königreich
92%
Land, das sich ca. 2'000 km südlich von Fidschi befindet Neuseeland
90%
Währung Fidschi-Dollar
81%
Hauptstadt Suva
74%
Beliebteste Sportart Rugby Union
70%
"ismus", der einst europäische Besuchern erschreckte, obwohl die Verbreitung umstritten ist {Kannibal}ismus
68%
Fidschi und Russland sind die einzigen Ländern, die Territorium auf diesem Längengrad besitzen 180°
54%
Vor dem ersten Weltkrieg kamen auf den Inseln ca. 60'000 Arbeitsknechte aus diesem Land Indien
51%
Ozeanische Inselgruppe, zu denen die Fidschi-Inseln gehören {Mela}nesien
51%
Dieses politische Ereignis fand auf den Fidschis 2007, 2000 und zweimal in 1987 statt Regierungsputsch
45%
Amtssprachen Fidschi
43%
Niederländischer Entdecker und erster Europäer, der 1643 die Inseln erblickte Abel Tasman
40%
Hauptanbau- und exportprodukt Zuckerrohr
32%
Zweitgrößte Insel {Vanua} Levu
30%
Amtssprachen Fidschi-{Hindi}
29%
Protestante Glaubensrichtung, zu deren ca. 35% der Bevölkerung angehören (Anfangsbuchstabe M) Methodismus
27%
Sportart, die von Vijay Singh praktiziert wird, einer von Fidschis erfolgreichsten Athleten Golf
26%
Größte Insel, with more than half Fiji's land area and population {Viti} Levu
26%
Stadt mit den meisten Touristen und den größten Flughafen Nadi
18%
Keine übereinstimmenden Quizze gefunden
Verteilung der Resultate
Anzahl Personen mit jedem Resultat
Perzentil nach korrekt beantworteten Fragen
Ihre Resultats-Entwicklung
Sie haben dieses Quiz noch nicht gespielt